La Utopía del poscapitalismo /
Enregistré dans:
| Auteur principal: | |
|---|---|
| Format: | Texte |
| Sujets: | |
| Tags: |
Ajouter un tag
Pas de tags, Soyez le premier à ajouter un tag!
|
MARC
| LEADER | 00000 a a2200000 04500 | ||
|---|---|---|---|
| 001 | 11952 | ||
| 003 | |||
| 040 | |||
| 100 | |a Dierckxsens, Wim | ||
| 245 | |a La Utopía del poscapitalismo / |c Wim Dierckxsens | ||
| 650 | |a UTOPISMO | ||
| 650 | |a TEORIA ECONOMICA | ||
| 650 | |a CAMBIO ECONOMICO | ||
| 650 | |a LIBERALISMO | ||
| 650 | |a RELACIONES NORTE SUR | ||
| 650 | |a PLENO EMPLEO | ||
| 773 | |g número 96; páginas 28-39 | ||
| 999 | |c 39530 |d 39530 | ||
| 773 | 0 | |0 41641 |9 2524 |a Departamento Ecuménico de Investigaciones (DEI) |d San José, Costa Rica Departamento Ecuménico de Investigaciones (DEI) |o 20172 |t Pasos / | |
